Κατάλογος Βιβλιοθηκών Mediterranean College

Η Καινοτόμος Μικρομεσαία Επιχειρηματικότητα ως Μέσο Ανάσχεσης της Ανεργίας / Στις Συμπληγάδες μεταξύ Δ.Ν.Τ. και Γερμανίας - Η Θ.Ε.Α. στο Σαφάρι των Startup (Record no. 8987)

MARC details
000 -LEADER
fixed length control field 01435cam a22001814a 4500
005 - ΗΜΕΡΟΜΗΝΙΑ ΚΑΙ ΩΡΑ ΤΕΛΕΥΤΑΙΑΣ ΕΝΗΜΕΡΩΣΗΣ
Πεδίο ελέγχου 20250605164349.0
008 - FIXED-LENGTH DATA ELEMENTS--GENERAL INFORMATION
Πεδίο ελέγχου σταθερού μήκους 250528s ||||||||||||||||||||||||d
035 ## - SYSTEM CONTROL NUMBER
System control number 24088
040 ## - ΠΗΓΗ ΚΑΤΑΛΟΓΟΓΡΑΦΗΣΗΣ
Φορέας πρωτότυπης καταλογογράφησης MC Athens Campus Library
Γλώσσα καταλογογράφησης Ελληνικά, Μοντέρνα (1453-)
Modifying agency MC Athens Campus Library
Κανόνες περιγραφικής καταλογογράφησης AACR2
245 1# - ΤΙΤΛΟΣ ΚΑΙ ΔΗΛΩΣΗ ΥΠΕΥΘΥΝΟΤΗΤΑΣ
Τίτλος Η Καινοτόμος Μικρομεσαία Επιχειρηματικότητα ως Μέσο Ανάσχεσης της Ανεργίας / Στις Συμπληγάδες μεταξύ Δ.Ν.Τ. και Γερμανίας - Η Θ.Ε.Α. στο Σαφάρι των Startup
260 ## - PUBLICATION, DISTRIBUTION, ETC.
Name of publisher, distributor, etc. Εμπορικό Και Βιομηχανικό Επιμελητήριο Αθηνών,
Date of publication, distribution, etc. 2014
300 ## - PHYSICAL DESCRIPTION
Extent 64
520 ## - SUMMARY, ETC.
Summary, etc. Επίσκεψη Εμπορικής Αποστολής από την Κίνα στο Ε.Β.Ε.Α., Η Τουρκία Αποτελεί Σήμερα μια από τις Κορυφαίες Αγορές για τις Ελληνικές Εξαγωγές, Εκσυγχρονισμός του Πλαισίου Κανόνων για τις Δημόσιες Συμβάσεις Παραχώρησης, Παιχνίδι για Γερά Νεύρα για Αξιολόγηση - Επόμενη Μέρα - Χρέος, Γη και Ύδωρ Ζητούν από την Ελλάδα οι Πιστωτές, Αλλαγές στις Εντάξεις στο Σχέδιο Πόλεως.
700 1# - ΠΡΟΣΘΕΤΗ ΑΝΑΓΡΑΦΗ--ΦΥΣΙΚΟ ΠΡΟΣΩΠΟ
Personal name Μίχαλος Κωνσταντίνος
9 (RLIN) 4319
942 ## - ADDED ENTRY ELEMENTS (KOHA)
Koha item type Περιοδικά Δημοσιεύματα
Holdings
Τύπος τεκμηρίου Βιβλιοθήκη Τρέχουσα τοποθεσία Barcode Ημερομηνία απόκτησης Ταξιθετικό σύμβολο Αριθμός αντιτύπου Αρίθμηση σειρών / χρονολογία Κατάσταση απόσυρσης Κατάσταση χαμένου Κατάσταση κατεστραμμένου Μη δανεισμός Σύνολο δανεισμών Ημερομηνία τελευταίας εμφάνισης Η τιμή ισχύει από
Περιοδικά Δημοσιεύματα MC Athens Campus Library MC Athens Campus Library 9780000089861 05/06/2025 ΑΝΑΠΤΥΞΗ 1 11           05/06/2025 05/06/2025

MC Athens Campus Library
Πατησίων 94 & Κοδριγκτώνος 13, 104 34
Πελλήνης 8 & Πατησίων 107, 112 51
Τ: +30 210 8899600

MC Thessaloniki Campus Library
Ίωνος Δραγούμη 21, 54625 | Ίωνος Δραγούμη 15, 54625
Τ: +30 2310 287779 – Τ: +30 2314 440300